Metodología de las ciencias sociales (Registro nro. 482)

Detalles MARC
000 -LEADER
fixed length control field 01175 a2200265 4500
001 - CONTROL NUMBER
control field 10916
005 - DATE AND TIME OF LATEST TRANSACTION
control field 20260407155440.0
008 - FIXED-LENGTH DATA ELEMENTS--GENERAL INFORMATION
fixed length control field 260407a2007 arg spa d
003 - CONTROL NUMBER IDENTIFIER
control field AR-UNSa-BCEJYS
040 ## - CATALOGING SOURCE
Original cataloging agency AR-UNSa-BCEJYS
Language of cataloging spa
Transcribing agency AR-UNSa-BCEJYS
080 ## - UNIVERSAL DECIMAL CLASSIFICATION NUMBER
Universal Decimal Classification number 167
Common auxiliary subdivision Investigación científica<br/>
020 ## - INTERNATIONAL STANDARD BOOK NUMBER
International Standard Book Number 978-950-786-134-5
100 1# - MAIN ENTRY--PERSONAL NAME
Personal name Díaz, Esther
245 10 - TITLE STATEMENT
Title Metodología de las ciencias sociales
264 #1 - PRODUCTION, PUBLICATION, DISTRIBUTION, MANUFACTURE, AND COPYRIGHT NOTICE
Place of production, publication, distribution, manufacture Buenos Aires :
Name of producer, publisher, distributor, manufacturer Biblos
Date of production, publication, distribution, manufacture, or copyright notice 2007
300 ## - PHYSICAL DESCRIPTION
Extent 214 p.
Dimensions 22 cm.
505 ## - FORMATTED CONTENTS NOTE
Formatted contents note 1. Las condiciones de posibilidad de la filosofía de la ciencia - 2. Las estructuras lógicas y el lenguaje - 3. Ciencias Fácticas - 4. Tecnologías de las Ciencias naturales y sociales - 5. Corrientes epistemológicas contemporáneas - 6. Problemas específicos en ciencias económico- sociales - 7. Las dimensiones éticas de la ciencia.
590 ## - LOCAL NOTE (RLIN)
Local note niveau_biblio:m niveau_hierar:0
700 1# - ADDED ENTRY--PERSONAL NAME
Personal name Luque, Susana de
700 1# - ADDED ENTRY--PERSONAL NAME
Personal name Moralejo, Enrique
700 1# - ADDED ENTRY--PERSONAL NAME
Personal name Pardo, Rubén H.
700 1# - ADDED ENTRY--PERSONAL NAME
Personal name Rivera, Silvia
856 41 - ELECTRONIC LOCATION AND ACCESS
Uniform Resource Identifier <a href="https://biblioeco.unsa.edu.ar/pmb/images/libros/Metodologia de la ciencias sociales2-l118876.jpg">https://biblioeco.unsa.edu.ar/pmb/images/libros/Metodologia de la ciencias sociales2-l118876.jpg</a>
Link text Imagen de portada
Electronic format type image/jpeg
942 ## - ADDED ENTRY ELEMENTS (KOHA)
Koha item type
Existencias
Withdrawn status Lost status Damaged status Not for loan Home library Current library Shelving location Date acquired Total checkouts Full call number Barcode Date last seen Price effective from Koha item type
        Biblioteca Prof. Eusebio Cleto del Rey Biblioteca Prof. Eusebio Cleto del Rey   07/04/2026   167 D542 L118877 07/04/2026 07/04/2026 Libro
        Biblioteca Prof. Eusebio Cleto del Rey Biblioteca Prof. Eusebio Cleto del Rey   07/04/2026   167 D542 L118876 07/04/2026 07/04/2026 Libro
        Biblioteca Prof. Eusebio Cleto del Rey Biblioteca Prof. Eusebio Cleto del Rey   07/04/2026   167 D542 L126290 07/04/2026 07/04/2026 Libro
        Biblioteca Prof. Eusebio Cleto del Rey Biblioteca Prof. Eusebio Cleto del Rey   07/04/2026   167 D542 L126291 07/04/2026 07/04/2026 Libro